LEADER 04548nam 22010693a 450 001 9910367567803321 005 20250203235428.0 010 $a9783039212965 010 $a3039212966 024 8 $a10.3390/books978-3-03921-296-5 035 $a(CKB)4100000010106068 035 $a(oapen)https://directory.doabooks.org/handle/20.500.12854/55226 035 $a(ScCtBLL)c082e52e-9232-4532-8e1f-7822810a2495 035 $a(OCoLC)1163831329 035 $a(oapen)doab55226 035 $a(EXLCZ)994100000010106068 100 $a20250203i20192019 uu 101 0 $aeng 135 $aurmn|---annan 181 $ctxt$2rdacontent 182 $cc$2rdamedia 183 $acr$2rdacarrier 200 00$aOne Health and Zoonoses$fJohn Mackenzie, Martyn Jeggo 210 $cMDPI - Multidisciplinary Digital Publishing Institute$d2019 210 1$aBasel, Switzerland :$cMDPI,$d2019. 215 $a1 electronic resource (140 p.) 311 08$a9783039212958 311 08$a3039212958 330 $aThe One Health concept recognizes that the health of humans, animals, and their ecosystems are interconnected, and that a coordinated, collaborative, multidisciplinary, and cross-sectoral approach is necessary to fully understand and respond to potential or existing risks that originate at the animal-human-ecosystems interfaces. Thus, the One Health concept represents a holistic vision for addressing some of the complex challenges that threaten human and animal health, food safety, and the environments in which diseases flourish. There are many examples showing how the health of humans is related to the health of animals and the environment. Diseases shared between humans and animals are zoonoses. Some zoonoses have been known for many years, whereas others have emerged suddenly and unexpectedly. Over 70% of all new emerging diseases over the past few decades have been zoonoses that have emerged from wildlife, most often from bats, rodents, or birds. Examples of zoonoses are many and varied, ranging from rabies to bovine tuberculosis, and from Japanese encephalitis to SARS. Clearly, a One Health approach is essential for understanding their ecology, and for outbreak response and the development of control strategies. However, the One Health concept and approach is much broader than zoonoses; it extends to including antimicrobial resistance, food safety, and environmental health and, consequently, impacts on global health security, economic wellbeing, and international trade. It is this breadth of One Health that connects the papers in this Special Issue. 606 $aPublic health and preventive medicine$2bicssc 610 $adescriptive epidemiology 610 $aantimicrobials 610 $areal-time PCR 610 $aguinea pigs 610 $apandemic 610 $avector-borne disease 610 $aEbola virus 610 $atransmission 610 $aantimicrobial resistance 610 $aserology 610 $amicrobats 610 $asmallholder farming 610 $aWHO 610 $aAMR 610 $aClostridium difficile 610 $azoonoses 610 $awater 610 $azoonosis 610 $ascrub typhus 610 $aQ fever 610 $aemerging disease 610 $aantibiotics 610 $aclinical pattern 610 $afood chain 610 $ainfluenza 610 $apyrogenicity 610 $aWestern Australia 610 $aBrucella abortus 610 $aLuminex 610 $aepidemiology 610 $aJoint External Evaluation (JEE) 610 $aprevalence 610 $aPerformance of Veterinary Services (PVS) 610 $aWorld Trade Organization (WTO) 610 $aurban livestock keeping 610 $asurveillance 610 $ahuman 610 $aC. burnetii 610 $aAustralian bat lyssavirus 610 $aOne Health 610 $awildlife 610 $aemerging infectious diseases 610 $amosquito 610 $aCodex 610 $ainternational health regulations 610 $aswine 610 $aenvironment 610 $atrade 610 $aAsia 610 $ainfrastructure 610 $aJapanese encephalitis virus 610 $aAustralia 610 $aincidence 615 7$aPublic health and preventive medicine 700 $aMackenzie$b John$01331589 702 $aJeggo$b Martyn 801 0$bScCtBLL 801 1$bScCtBLL 906 $aBOOK 912 $a9910367567803321 996 $aOne Health and Zoonoses$93040469 997 $aUNINA LEADER 05775oam 2201165 c 450 001 9910875593403321 005 20260302090207.0 010 $a9783839455371 010 $a3839455375 024 7 $a10.14361/9783839455371 035 $a(CKB)4100000011726232 035 $a(DE-B1597)571151 035 $a(DE-B1597)9783839455371 035 $a(OCoLC)1233041402 035 $a(MiAaPQ)EBC6508135 035 $a(Au-PeEL)EBL6508135 035 $a(transcript Verlag)9783839455371 035 $a(Perlego)1794154 035 $a(EXLCZ)994100000011726232 100 $a20260302d2021 uy 0 101 0 $ager 135 $aur||||||||||| 181 $ctxt$2rdacontent 182 $cc$2rdamedia 183 $acr$2rdacarrier 200 14$aDie Fabrikation der Stadt$eEine Neuausrichtung der Stadtsoziologie nach Bruno Latour$fJessica Wilde 205 $a1st ed. 210 $aBielefeld$ctranscript Verlag$d2021 215 $a1 online resource (420 p.) 225 0 $aUrban Studies 311 08$a9783837655377 311 08$a3837655377 327 $aFrontmatter 1 Inhalt 5 Einleitung 9 1.1 Kunst versus Technik: U?ber das technische, aber trotzdem scho?ne Berlin 27 1.2 Bedeutungsdimensionen von Technik - oder: Latours Techniksoziologie hat viele Falten 43 1.3 Urbane Infrastrukturen - Eine Cinderella-Story 84 1.4 Stadtplanung und Urban Design als Sozio-Technik 97 1.5 Technik aufra?umen? Ein Versuch, innere und a?ußere Urbanisierung neu zu vermischen 119 1.6 Der o?ffentliche Stadtraum als Akteur-Netzwerk - Es gibt kein Draußen! 133 2.1 Von organisch gewachsenen zu ku?nstlich geschaffenen Sta?dten 137 2.2 Eine nichtmoderne Theorie des Bauens 152 2.3 Die Anthropologie der Modernen als Ethnografie der Fabrikation der Stadt 162 2.5 Vom Recht auf Stadt zum Recht in der Stadt - U?ber das Recht als Stadtbaumeister 211 2.6 Woran die Informanten besonders ha?ngen - Stadt(-pla?tze) und Werte 223 3.1 Chicago - Berlin: Eine Wahlverwandtschaft 235 3.2 William Cronons »Nature's Metropolis« - Ein ANT-Stadtsoziologie avant la lettre 237 3.3 Die antification der Großstadto?kologie 260 4.1 Das Ungeheuer Stadt durchsichtig machen 279 4.2 Mit der Ameise unterwegs in Paris - oder: the city in a more Tardean way 285 4.3 Die Stadt - neu beobachtet 291 4.4 Eine etwas andere Flanerie 300 4.5 Eine lebensfrohe Stadtsoziologie jenseits von Nostalgie und Ohnmacht - oder: Wie man machttrunkene Stadtsoziologen ausnu?chtert 314 5.1 Stadtpolitik als Politik designter Dinge 323 5.2 Latour als geheimer Beruhiger? U?ber die Politik der Ameise 337 5.3 Das (Stadt-)Parlament der Dinge 356 5.4 Ein fu?rsorglicher Latour - Institutionenkritik im Zeichen von care und maintenance 365 Schlussbetrachtung: U?ber das Lu?ften von Fabrikationsgeheimnissen 377 Danksagung 389 Literaturverzeichnis 391 330 $aAus der vom französischen Soziologen Bruno Latour eingeforderten Berücksichtigung der praktischen Disziplinen und ihrer Objekte lässt sich eine Neuausrichtung der Stadtsoziologie ableiten. Jessica Wilde zeigt auf, wie sich eine solche Soziologie von der menschlichen Gesellschaft als Fluchtpunkt sozialtheoretischen Denkens verabschiedet und sich programmatisch als Technik-, Stadtbau-, Architektur-, Planungs- und Designsoziologie neu aufstellt. Den urbanen Artefakten ? vom Verkehrspoller bis zum Bebauungsplan ? spürt sie dabei bis in die Werkstätten der planenden und gestaltenden Berufspraktiker*innen nach und macht die »Fabrikation der Stadt« zum Gegenstand soziologischen Forschens. 330 1 $aBesprochen in:https://www.soziopolis.de, 14.09.2021, Frank Eckardt 410 0$aUrban Studies 517 2 $aWilde, Die Fabrikation der Stadt$eEine Neuausrichtung der Stadtsoziologie nach Bruno Latour 606 $aBruno Latour 606 $aActor-network-theory 606 $aAkteur-Netzwerk-Theorie 606 $aStadtsoziologie 606 $aUrban Sociology 606 $aStadtplanung 606 $aUrban Planning 606 $aBerlin 606 $aTechnik 606 $aTechnology 606 $aArchitektur 606 $aArchitecture 606 $aArtefakt 606 $aArtifact 606 $aWissenschaft 606 $aScience 606 $aStadt 606 $aCity 606 $aRaum 606 $aSpace 606 $aUrban Studies 606 $aSociological Theory 606 $aSoziologische Theorie 606 $aQualitative Sozialforschung 606 $aQualitative Social Research 606 $aSoziologie 606 $aSociology 615 4$aBruno Latour 615 4$aActor-network-theory 615 4$aAkteur-Netzwerk-Theorie 615 4$aStadtsoziologie 615 4$aUrban Sociology 615 4$aStadtplanung 615 4$aUrban Planning 615 4$aBerlin 615 4$aTechnik 615 4$aTechnology 615 4$aArchitektur 615 4$aArchitecture 615 4$aArtefakt 615 4$aArtifact 615 4$aWissenschaft 615 4$aScience 615 4$aStadt 615 4$aCity 615 4$aRaum 615 4$aSpace 615 4$aUrban Studies 615 4$aSociological Theory 615 4$aSoziologische Theorie 615 4$aQualitative Sozialforschung 615 4$aQualitative Social Research 615 4$aSoziologie 615 4$aSociology 676 $a300 700 $aWilde$b Jessica$p

Jessica Wilde, Philipps-Universität Marburg, Deutschland

$4aut$01887964 712 02$aBacklisttransformation EOSC Future 801 0$bDE-B1597 801 1$bDE-B1597 906 $aBOOK 912 $a9910875593403321 996 $aDie Fabrikation der Stadt$94526117 997 $aUNINA